000 00387nam a22001217a 4500
082 _a200 THE
100 _aSAHAR ARSHAD,
_970496
245 _aTH-SOF-1195-Broker based QoS Centric Federated Cloud Framework with Financial Options
260 _aIslamabad
_bNUST College of EME
_c2015
650 _aMS-CSE-11 MSTHESIS
700 _aSupervison Dr. SHOAB AHMED KHAN
_970199
942 _cCF
999 _c577473
_d577473